| 000 | 00607nam a22002177a 4500 | ||
|---|---|---|---|
| 005 | 20241206102554.0 | ||
| 008 | 241206b ||||| |||| 00| 0 eng d | ||
| 020 | _a9788194625780 | ||
| 040 | _cAL | ||
| 041 | _aEnglish | ||
| 082 |
_223 _a340.1 _bPOUI |
||
| 100 |
_aRoscoe Pound _9188152 |
||
| 245 | _aIntroduction to the Philosophy of Law | ||
| 260 |
_aBangalore _bMPP House _c2023 |
||
| 300 |
_a307 p. _bPB _c22x14 cm. |
||
| 365 |
_a1060 _b₹437.27 _c₹ _d₹599.00 _e27% _f28-11-2024 |
||
| 650 |
_aPhilosophy _9188153 |
||
| 650 |
_aLaw _9188154 |
||
| 700 |
_aPOUND (Roscoe) _9188155 |
||
| 942 |
_2ddc _cBK |
||
| 999 |
_c232170 _d232170 |
||